000
00212 a2200097 4500
001
9272
100
_a
Pringle, P.
245
_a
Great discoverers in Modern science
260
_a
_b
Harcap
_c
090
_c
7441
_d
7441
942
_a
NUST-CAE
_c
M
_c
34091
999
_c
244345
_d
244345